Music Quiz

Random Music or Song Quiz

Artist vs Poet Music Quiz Stats

 Plays Quiz not verified by Sporcle

Score 0/12 Timer 10:00
0 Plays Today
Artist Song % Correct
Artist vs PoetAdorable
77.4%
Artist vs PoetFavorite Fix
74.2%
Artist vs PoetDamn Rough Night
71%
Artist vs PoetCar Crash
71%
Artist vs PoetRunaway
71%
Artist vs PoetMiserably Loving You
67.7%
Artist vs PoetHe's Just Not Me
61.3%
Artist vs PoetAll In
51.6%
Artist vs PoetUnconscious Reality
48.4%
Artist vs PoetWe're All The Same
48.4%
Artist vs PoetBroke But Not Broken
48.4%
Artist vs PoetGateway
32.3%

You're not logged in!

Compare scores with friends on all Sporcle quizzes.
OR
Log In

Show Comments

Extras

Created Nov 19, 2010ReportNominate
Tags:Song Quiz

Top Quizzes Today


Score Distribution

Your Account Isn't Verified!

In order to create a playlist on Sporcle, you need to verify the email address you used during registration. Go to your Sporcle Settings to finish the process.

Report this User

Report this user for behavior that violates our Community Guidelines.

Details: